| 000 | 01066cam a22002535a 4500 | ||
|---|---|---|---|
| 001 | L159176 | ||
| 008 | 160225s2015 xxk f 000 0 eng d | ||
| 020 | _a978118866382 | ||
| 035 | _a(Sirsi) u159176 | ||
| 041 | 0 | _aeng | |
| 050 | 0 | 4 | _a658.2 |
| 100 | 1 | _aAtkin, Brian | |
| 245 | 0 | 0 | _aTotal facility management |
| 250 | _a4th ed | ||
| 260 |
_aChichester _bWiley Blackwell _c2015 |
||
| 300 |
_axiiii,390. _b _c24cm |
||
| 520 | _aLooks at the principles and practice of facilities management. Topics covered include facility planning, strategy, human resources, workplace productivity, health and safety, security, outsourcing, procurement, service delivery, building performance management, building maintenance, sustainability issues and change management. Aimed at both the experienced facilities manager as well as a general guide to building owners and occupiers. | ||
| 520 | _aSupersedes 3rd available as an ebook. | ||
| 590 | _aKA | ||
| 651 | 4 |
_aUnited Kingdom _y |
|
| 690 |
_aFacilities management _96240 |
||
| 700 | 1 | _aBrooks, Adrian | |
| 942 | _n0 | ||
| 999 |
_c115719 _d115719 |
||